00385nam a2200157Ia 45000010006000000050017000060080041000230410008000640820013000721000025000852450064001102600009001743000028001836500008002116540008002192341020260414150935.0260414t2012||||xx |||||||||||||| ||spa|| aESP a650bF71 aFoglia, GabrieleAUT 0aDiginomics :bel impacto de la tecnología en los negocios c2012 a145 páginas :c24 cm. aGEN aCCO